Yearbook of finnish foreign policy 1980
Gespeichert in:
| Format: | Buch |
|---|---|
| Sprache: | Englisch |
| Veröffentlicht: |
Helsinki
Finnish Institute of International Affairs
1980
|
| Tags: |
Keine Tags, Fügen Sie das erste Tag hinzu!
|
MARC
| LEADER | 00000nam a2200000 4500 | ||
|---|---|---|---|
| 001 | c140400 | ||
| 005 | 20041019155318.8 | ||
| 041 | 0 | |a eng | |
| 044 | |a FI | ||
| 245 | 1 | 0 | |a Yearbook of finnish foreign policy 1980 |
| 264 | 1 | |a Helsinki |b Finnish Institute of International Affairs |c 1980 | |
| 300 | |a 80 s. | ||